Australian cities multiple choice: Central Coast - Statistics

General Stats
  • This quiz has been taken 14 times
  • The average score is 9 of 15
Answer Stats
Question Answer % Correct
What is Erina Fair? A shopping centre
100%
Central Coast is in which state? New South Wales
100%
What is the Central Coast team that plays in the A-League, the national professional soccer competition? Mariners
93%
A popular festival held at Ettagong Beach in November celebrates what industry? Oyster farming
93%
What is generally considered the western boundary of the Central Coast? Watangan Mountains
79%
What sort of produce was the Central Coast known for in the first half of the 20th century? Oranges and lemons
71%
Which of these performers grew up on the Central Coast? Natalie Imbruglia
64%
What is NOT a Central Coast suburb? The Gap
64%
The first traffic lights on the Central Coast were installed to regulate traffic on a narrow bridge at The Entrance. When was that? 1966
50%
What is Brisbane Water? An estuary
50%
What can you find at both Somersby and Warnervale? Airports
43%
What is the Pelican Post? A newspaper
43%
What is the oldest church building in the Central Coast? Holy Cross, Kincumber
36%
Which of these novels was written in Woy Woy? Puckoon by Spike Milligan
21%
Who ran the Central Coast's first fleet of motorised ferries (1905-1960)? The Sisters of St Joseph of the Sacred Heart
7%
No matching quizzes found
Score Distribution
Percent of People with Each Score
Percentile by Number Answered
Your Score History
You have not taken this quiz